Hospodárska kríza na európskom kontinente
Krízu vnímame vo všetkých oblastiach nášho života – od sociálnej, cez pracovnú až po ekonomickú sféru. Základné makroekonomické indikátory kríz v krajinách V4, vznik krízy v USA a prenos problémov na európsky kontinent. Prvé kroky, ktoré urobili európski politici v boji s jej dôsledkami, medzi ktoré...
Guardado en:
| Autor principal: | |
|---|---|
| Formato: | Capítulo de libro |
| Lenguaje: | eslovaco |
| Materias: | |
| Etiquetas: |
Sin Etiquetas, Sea el primero en etiquetar este registro!
|
MARC
| LEADER | 00000nla a2200000 4500 | ||
|---|---|---|---|
| 001 | 0169740 | ||
| 005 | 20240502072935.7 | ||
| 041 | 0 | |a slo | |
| 044 | |a SK | ||
| 245 | 1 | 0 | |a Hospodárska kríza na európskom kontinente |c Ivana Lennerová |
| 520 | |a Krízu vnímame vo všetkých oblastiach nášho života – od sociálnej, cez pracovnú až po ekonomickú sféru. Základné makroekonomické indikátory kríz v krajinách V4, vznik krízy v USA a prenos problémov na európsky kontinent. Prvé kroky, ktoré urobili európski politici v boji s jej dôsledkami, medzi ktoré patrí najmä dočasný a trvalý euroval. Tri scenáre potenciálneho vývoja európskej (ale aj celosvetovej) ekonomiky. | ||
| 610 | 2 | 0 | |a kríza finančná |
| 610 | 2 | 0 | |a kríza hospodárska |
| 610 | 2 | 0 | |a USA |
| 610 | 2 | 0 | |a Európa |
| 610 | 2 | 0 | |a Slovensko |
| 610 | 2 | 0 | |a ukazovatele makroekonomické |
| 610 | 2 | 0 | |a stabilizácia hospodárstva |
| 100 | 1 | |a Lennerová, Ivana, 1979- | |